Asamiya sahitya aru sanskriti (Record no. 3630)

MARC details
000 -LEADER
fixed length control field 00459cam a2200181ua 4500
008 - FIXED-LENGTH DATA ELEMENTS--GENERAL INFORMATION
fixed length control field 111221n ii |||gr||||Z||||||asm
040 ## - CATALOGING SOURCE
Transcribing agency MAIN
082 ## - DEWEY DECIMAL CLASSIFICATION NUMBER
Classification number 891.4514
100 ## - MAIN ENTRY--PERSONAL NAME
Personal name Sarma, Atul.,
Relator term
245 11 - TITLE STATEMENT
Title Asamiya sahitya aru sanskriti
Statement of responsibility, etc. by Atul Sarma
250 ## - EDITION STATEMENT
Edition statement 1st.
260 ## - PUBLICATION, DISTRIBUTION, ETC.
Place of publication, distribution, etc. Guwahati:
Name of publisher, distributor, etc. Ashis Prakash.
300 ## - PHYSICAL DESCRIPTION
Extent 87p:
Dimensions 23cm.
942 ## - ADDED ENTRY ELEMENTS (KOHA)
Koha item type Books
653 ## - INDEX TERM--UNCONTROLLED
Uncontrolled term Assamese literature
653 ## - INDEX TERM--UNCONTROLLED
Uncontrolled term Asamiya sahitya aru sanskriti
Holdings
Withdrawn status Lost status Damaged status Not for loan Home library Current library Shelving location Date acquired Total Checkouts Full call number Barcode Date due Date last seen Date last checked out Copy number Price effective from Koha item type
        Central Library, Naharkatiya College Central Library, Naharkatiya College General Stacks 19/09/2020 1 891.4514 | SAR 8584 14/11/2023 30/10/2023 30/10/2023 1 19/09/2020 Books

Naharkatiya College © 2020. All rights reserved.

Powered By